000 00308nam a22001217a 4500
008 230703b xxu||||| |||| 00| 0 eng d
082 _a352
_bKAY
100 _cJ O Kayila
245 _aTraining for local Government Personel
260 _bkenya Institute of Administrtation
300 _a90p
942 _2ddc
_cBK
999 _c3171
_d3171